LEADER 00965nam a2200217 i 4500 001 000000184859 003 CaOOAMICUS 005 20100120000000.0 008 100120s1963 sp u000 u spa u 013 $a162844 040 $aSeMil$bita 100 1 $aSantos Otero, Aurelio : de.$0(OLS)http://semarc/name/5745 245 14$aLos Evangelios Apocrifos /$cCollectión de textos griegos y latinos, versión crítica ... por Aurelio de Santos Otero. 260 $aMadrid :$bBiblioteca de autores cristianos,$c1963. 300 $aXIV, 705 p., [32] p. di tav. ;$c20 cm. 490 0 $aBiblioteca de autores cristianos 830 0$aBiblioteca de autores cristianos.$0(OLS)http://semarc/title/428 850 $aSeMil 852 $aSeMil$W1$xVenegono$y1$m2S V 127$j135551$B135551$CSeMilBibl$Z2$F147107 $81 996 $6245$aLos Evangelios Apocrifos$9(OLS)http://semarc/title/265470 996 $6260$aMadrid :$bBiblioteca de autores cristianos$9(OLS)http://semarc/publisher/29784 LEADER 01167nam a2200241 i 4500 001 000000228014 003 CaOOAMICUS 005 20140313000000.0 008 140313s1968 xx u000 u ger u 013 $a206916 040 $aSeMil$bita 100 1 $aHermisson, Hans-Jürgen.$0(OLS)http://semarc/name/42999 245 10$aStudien zur Israelitischen Spruchweisheit /$cvon Hans-Jürgen Hermisson. 260 $aNeukirchen-Vluyn :$bNeukirchener,$c1968. 300 $a208 p. ;$c24 cm. 490 0 $aWissenschaftliche Monographien zum Alten und Neuen Testament ;$v28. 650 4$aBibbia. Antico Testamento. Proverbi - Commentari, studi, critica, interpretazioni.$0(OLS)http://semarc/subject/13566 650 4$aBibbia - AT - Saggezza.$0(OLS)http://semarc/subject/33600 830 0$aWissenschaftliche Monographien zum Alten und Neuen Testament ;$v28.$0(OLS)http://semarc/title/114 850 $aSeMil 852 $aSeMil$W1$xVenegono$y1$m2XA T 28$j247734$B178360$CSeMilBibl$Z2$F189097 $81 996 $6245$aStudien zur Israelitischen Spruchweisheit$9(OLS)http://semarc/title/326367 996 $6260$aNeukirchen-Vluyn :$bNeukirchener$9(OLS)http://semarc/publisher/29645